000
00294nam a22001457a 4500
020
_a
81-7807-059-6
082
_a
894.812.3
_b
NIR/K
100
_a
G.K, NIRANAM
245
_a
KUNJANUJATHIKKU VENDI
250
_a
FIRST
260
_c
2001
300
_a
112
650
_a
PLAY
_z
KERALA
942
_c
BK
999
_c
1789
_d
1789